[Event "Mlada Boleslav Region-ch U20"]
[Site "Mlada Boleslav"]
[Date "2012.06.23"]
[Round "4"]
[White "Dvorak, Lukas"]
[Black "Hruska, Pavel"]
[Result "1-0"]
[WhiteElo "1655"]
[BlackElo "1358"]
[PlyCount "57"]
[EventDate "2012.06.23"]
[EventType "swiss"]
[EventRounds "7"]
[EventCountry "CZE"]
[SourceTitle "EXT 2014"]
[Source "ChessBase"]
[SourceDate "2013.11.20"]
[SourceVersion "1"]
[SourceVersionDate "2013.11.20"]
[SourceQuality "1"]

1. d4 d5 2. c4 dxc4 3. Nc3 Nf6 4. e4 e6 5. Bxc4 Bb4 6. Bg5 0-0 7. e5 Be7 8. exf6 Bxf6 9. Bxf6 Qxf6 10. Nf3 Nc6 11. 0-0 Rd8 12. Ne4 Qf4 13. Qd3 e5 14. Neg5 Qf5 15. Qxf5 Bxf5 16. Nxf7 Rf8 17. N7xe5+ Kh8 18. Nxc6 bxc6 19. Ne5 Rf6 20. Nf7+ Kg8 21. Nh6+ Kf8 22. Nxf5 Rxf5 23. b3 Re8 24. Rfe1 Rf4 25. Rxe8+ Kxe8 26. Re1+ Kd7 27. d5 cxd5 28. Bxd5 Rd4 29. Bc4 1-0